Polyfunkčný objekt na mieste bývalého pivovaru Stein, Bratislava
Salvato in:
| Autore principale: | |
|---|---|
| Altri autori: | |
| Natura: | Manoscritto Libro |
| Lingua: | slovacco |
| Pubblicazione: |
Bratislava :
STU v Bratislave FA,
2010
|
| Soggetti: | |
| Accesso online: | VAIS |
| Tags: |
Nessun Tag, puoi essere il primo ad aggiungerne!!
|
MARC
| LEADER | 00000ntm a22000003a 4500 | ||
|---|---|---|---|
| 001 | stu218337 | ||
| 005 | 20220302111800.8 | ||
| 008 | 101203s2010----xo------------------slo-d | ||
| 040 | |a STU |b slo | ||
| 041 | 0 | |a slo | |
| 044 | |a xo | ||
| 100 | 1 | |a Šafránková, Jarmila, |d 1983- |4 aut |u A |T FAD Fakulta architektúry |X 26126 |U A |Y 50 |7 A000026126 | |
| 242 | 0 | 0 | |a Polyfunkctional block on the place of old brewery Stein |y eng |
| 245 | 1 | |a Polyfunkčný objekt na mieste bývalého pivovaru Stein, Bratislava | |
| 260 | |a Bratislava : |b STU v Bratislave FA, |c 2010 | ||
| 650 | 7 | |a architektúra |2 stusub | |
| 650 | 7 | |a architecture |2 estusub | |
| 650 | 7 | |a polyfunkcia |2 stusub | |
| 650 | 7 | |a hotel |2 stusub | |
| 700 | 1 | |a Somora, Branislav, |d 1946- |4 ths |u A1110 |U FAD Fakulta architektúry |T FA Ústav architektúry obytných budov |X 405 |U A1110 |Y 392 |7 A000000405 | |
| 856 | 4 | |a info a plný text |u http://is.stuba.sk/zp/portal_zp.pl?podrobnosti=62702 |3 VAIS |u https://opac.crzp.sk/?fn=detailBiblioForm&sid=5F8F25FA85E06C2F92DE6AEE2700 | |